|
|
|
|
| LEADER |
01683nab#a2200397#ar4500 |
| 001 |
000071933 |
| 003 |
SVKKK |
| 005 |
20080610132059.0 |
| 008 |
080512d1913 xo |||||||||||||||b|hun |
| FMT |
|
|
|
| 038 |
|
|
|a SVKKK
|
| 040 |
|
|
|a SVKKK
|b slo
|e AACR2
|
| 041 |
0 |
|
|a hun
|
| 044 |
|
|
|a xo
|c SK
|
| 080 |
|
|
|a 377
|2 1997
|
| 080 |
|
|
|a 929 Hadik, Eugen
|2 1997
|
| 080 |
|
|
|a 929 Jakab Szentgyörgyi, Benjamín
|2 1997
|
| 242 |
1 |
0 |
|a Premiestnenia
|y slo
|
| 245 |
1 |
0 |
|a Áthelyezések
|
| 500 |
|
|
|a mikrofilm
|
| 520 |
2 |
|
|a Správa o tom, že od 1. 09. 1913 odchádzajú z Humenného dvaja profesory štátnej drevárskej školy v Humennom. Benjamín (Béni) Jakab - je proležený do Timisoary [dnes Rumunsko] a Eugen (Jenő) Hadik je preložený do Prešova, kam od šk. roku 1913/1914 sa presťahuje celá škola
|
| 600 |
1 |
4 |
|a Hadik, Eugen,
|d 18??-19??,
|x učiteľ stredoškolský
|z Humenné (Slovensko)
|x pôsobenie ukončené
|z Prešov (Slovensko)
|x preloženie úradné
|y 1.09.1913
|
| 600 |
1 |
4 |
|a Jakab, Benjamín,
|c Szentgyörgyi,
|d 18??-19??,
|x učiteľ stredoškolský
|z Humenné (Slovensko)
|x pôsobenie ukončené
|z Timisoara (Rumunsko)
|x preloženie úradné
|y september 1913
|
| 773 |
0 |
|
|t Homonna és Vidéke : Vegyes tartalmu közmüvelődési, szépirodalmi és közgazdasági hetilap
|g Roč. 13, č. 20 (11.05.1913) s. 2
|
| 957 |
|
|
|a Prešov
|
| 957 |
|
|
|a Timisoara
|
| 957 |
|
|
|a Humenné
|
| 958 |
|
|
|a DG
|
| 958 |
|
|
|a HU
|
| 974 |
|
|
|a Ba
|
| 992 |
|
|
|a RBX
|
| 997 |
|
|
|d Timisoara (Rumunsko)
|a Jakab Szentgyörgyi, Béni p. Jakab Szentgyörgyi, Benjamín
|
| 997 |
|
|
|a Hadik, Jenő p. Hadik, Eugen
|a Eperjes p. Prešov
|
| 997 |
|
|
|d Homonna p. Humenné
|
| BAS |
|
|
|
| 998 |
|
|
|a RETRO
|